Statistics for Rita Moreno Filmography

Click here to take the quiz!

General Stats

  • This quiz has been taken 5 times
    (2 since last reset)
  • The average score is 13 of 250

Answer Stats

TypeYearName% Correct
Film1961West Side Story
100%
Film2021West Side Story
100%
Film2023Eighty for Brady
50%
Film2023Fast X
50%
TV Show2007George Lopez
50%
TV Show1973GO: Rita Moreno Host
50%
TV Show2016Grey's Anatomy
50%
TV Show2015-2016, 2019Jane the Virgin
50%
TV Show2005Law & Order: Special Victims Unit
50%
TV Show2023Lopez vs. Lopez
50%
TV Show2017-2020One Day at a Time
50%
TV Show1997-2003Oz
50%
Documentary2021Rita Moreno: Just a Girl Who Decided to Go for It
50%
Film2003Scooby-Doo! and the Monster of Mexico
50%
Film1952Singin' in the Rain
50%
TV Show1971-1977The Electric Company
50%
TV Show1987The Golden Girls
50%
Film1956The King and I
50%
TV Show1983The Love Boat
50%
TV Show1976The Muppet Show
50%
TV Show1994The Nanny
50%
Film1976The Ritz
50%
Theater1975-1976The Ritz
50%
TV Show2007Ugly Betty
50%
Award Show20152015 Hispanic Heritage Awards
0%
Theater199242nd and Vine: Hollywood Hits Broadway
0%
Documentary Series202160 Minutes
0%
TV Show1982-19839 to 5
0%
TV Show1961Adventures in Paradise
0%
Theater1995-1996After-Play
0%
Film1991Age Isn't Everything
0%
TV Film2015A Gift of Miracles
0%
Documentary2006A Land Between Rivers
0%
TV Show1978America 2-Night
0%
TV Show2002American Family
0%
Documentary Series2009, 2019, 2021American Masters
0%
TV Show1982American Playhouse
0%
TV Film1979Anatomy of a Seduction
0%
TV Show1981, 1991An Evening at the Improv
0%
Film1995Angus
0%
Theater1958A View from the Bridge
0%
TV Special2022Beauty and the Beast: A 30th Celebration
0%
Documentary2003Beyond Borders: John Sayles in Mexico
0%
TV Show1980Big City Comedy
0%
TV Show1975Blankety Blanks
0%
TV Show2019, 2020Bless This Mess
0%
TV Show1989-1990B.L. Stryker
0%
Film2000Blue Moon
0%
TV Show1979Bonkers!
0%
TV Show1993Bonkers
0%
TV Show1960Bourbon Street Beat
0%
TV Show2000Buddy Faro
0%
TV Show1995Burke's Law
0%
TV Show1963Burke's Law
0%
TV Show1965Call My Bluff
0%
TV Show2007Cane
0%
TV Show1994Captain Planet and the Planeteers
0%
Film1999Carlo's Wake
0%
Documentary1995Carmen Miranda: Bananas Is My Business
0%
Web Series2019Carmen Sandiego
0%
Video Game1995Carmen Sandiego: Junior Detective Edition
0%
Film1971Carnal Knowledge
0%
Film2003Casa de los Babys
0%
Film1952Cattle Town
0%
TV Show1954Cavalcade of America
0%
TV Show1981CBS Library
0%
TV Show1952China Smith
0%
TV Show1959Cimarron City
0%
TV Show1956, 1957, 1958Climax!
0%
TV Film2004Copshop
0%
Film1963Cry of Battle
0%
TV Documentary2015Cuba: The Forgotten Revolution
0%
Film2021Curious George: Cape Ahoy
0%
Theater1959Dark of the Moon
0%
TV Show1959Dick Powell's Zane Grey Theatre
0%
TV Show1975-1979Dinah!
0%
TV Short1974Dominic's Dream
0%
Film1953El Alamein
0%
TV Show2018Elena of Avalor
0%
TV Film1981Evita Perón
0%
TV Show1984Family Feud
0%
FilmTBAFamily Leave
0%
TV Show1958Father Knows Best
0%
TV Show1952Fireside Theatre
0%
Film1953Fort Vengeance
0%
Theater1970Gantry
0%
Film1954Garden of Evil
0%
TV Show1953, 1959General Electric Theater
0%
TV Show2015Getting On
0%
Web Series2016Grace and Frankie
0%
Web Series2022Green Eggs and Ham
0%
Theater1992Gypsy
0%
TV Show2011-2013Happily Divorced
0%
Film1980Happy Birthday, Gemini
0%
TV Show1993Hearts Afire
0%
TV Show1973Hec Ramsey
0%
TV Show1977Hollywood Connection
0%
Theater1962I Am a Camera
0%
Film1994I Like It Like That
0%
TV Show2010In Plain Sight
0%
Documentary Series1990Intimate Portrait
0%
Film1993Italian Movie
0%
TV Show2017Jeopardy!
0%
Film1954Jivaro
0%
Film2004King of the Corner
0%
TV Show1977Lanigan's Rabbi
0%
Theater1970-1971Last of the Red Hot Lovers
0%
Film1953Latin Lovers
0%
TV Show2006, 2007Law & Order: Criminal Intent
0%
TV Show2005Law & Order: Trial by Jury
0%
TV Show1983Live at Her Majesty's
0%
TV Short2006Lolo's Cafe
0%
TV Show1954Lux Video Theatre
0%
Film1953Ma and Pa Kettle on Vacation
0%
Film1969Marlowe
0%
TV Show1957Matinee Theatre
0%
Web Mini-Series2021Maya and the Three
0%
TV Show1974Medical Center
0%
Film1960Mga Alamat ng Sandaigdig
0%
TV Show1989Miami Vice
0%
TV Show1961Michael Shayne
0%
TV Show1975Mister Rogers' Neighborhood
0%
TV Show1997Murphy Brown
0%
Film2022My Father's Dragon
0%
TV Film2013Nicky Deuce
0%
TV Show2015-2018Nina's World
0%
TV Film2014Old Soul
0%
TV Show1975, 1976On the Rocks
0%
TV Film2003Open House
0%
Film1960Operesyon Stragglers
0%
TV Special1974Out to Lunch
0%
Film1950Pagan Love Song
0%
TV Show1962, 1964Password
0%
TV Show1961Perry Como's Kraft Music Hall
0%
TV Show1969Personality
0%
Film2001Piñero
0%
TV Show1960Playhouse 90
0%
Film2006Play It by Ear
0%
Film1969Popi
0%
TV Film1982Portrait of a Showgirl
0%
Web Series2023Princess Power
0%
TV Show1973-1991, 2018Pyramid
0%
TV Show1992Raw Toonage
0%
TV Film1999Resurrection
0%
TV Show2001Resurrection Blvd.
0%
TV Show1960Richard Diamond, Private Detective
0%
Film2014Rio 2
0%
Theater2011Rita Moreno: Life Without Makeup
0%
TV Show1967Run for Your Life
0%
Film2022Santa Bootcamp
0%
TV Show1952Schlitz Playhouse
0%
TV Show1965Seaway
0%
TV Show1975, 1985, 1987, 1990Sesame Street
0%
Film1955Seven Cities of Gold
0%
Theater1964She Loves Me
0%
TV Show1977She Na Na
0%
Film1975Shhh
0%
Film2014Six Dance Lessons in Six Weeks
0%
Theater1945Skydrift
0%
Film1998Slums of Beverly Hills
0%
Film1950So Young, So Bad
0%
TV Show2011Special Agent Oso
0%
Theater1990Steel Magnolias
0%
TV Show2003Strong Medicine
0%
Film1961Summer and Smoke
0%
TV Special1984Sunday Night Live
0%
Commercial2010SuperFocus Eyeglasses
0%
TV Film1988Tales from the Hollywood Hills: Closed Set
0%
TV Show1959Tales of Wells Fargo
0%
TV Show1956The 20th Century-Fox Hour
0%
TV Show1962, 1963The Andy Williams Show
0%
TV Film1995The Best Defense
0%
TV Show1977The Bobby Vinton Show
0%
Film1978The Boss' Son
0%
TV Show1976The Carol Burnett Show
0%
TV Show1994-1995The Cosby Mysteries
0%
TV Show1987The Cosby Show
0%
Film1957The Deerslayer
0%
TV Show1962The Dinah Shore Chevy Show
0%
TV Show1956, 1962, 1970The Ed Sullivan Show
0%
Film1952The Fabulous Senorita
0%
TV Film1959The Fat Man: The Thirty-Two Friends of Gina Lardelli
0%
TV Show1954The Ford Television Theatre
0%
Film1981The Four Seasons
0%
Theater1991, 2005-2006The Glass Menagerie
0%
TV Show2003The Guardian
0%
TV Show2003The Handler
0%
TV Show1976-1978, 2003The Hollywood Squares
0%
TV Show1963The Jack Benny Program
0%
TV Show1978The Jim Nabors Show
0%
TV Show1981The John Davidson Show
0%
TV Show1994The Larry Sanders Show
0%
Film1956The Lieutenant Wore Skirts
0%
TV Documentary2005The Life and Times of Frida Kahlo
0%
TV Show1960The Magical World of Disney
0%
TV Show1995The Magic School Bus
0%
Theater1970The Magistrate
0%
TV Show1981The Marti Caine Show
0%
TV Show1965-1969, 1980The Match Game
0%
TV Show1970, 1978, 1979, 1982The Merv Griffin Show
0%
TV Show1972-1979The Mike Douglas Show
0%
TV Show1959The Millionaire
0%
TV Special1979The Muppets Go Hollywood
0%
Theater1974The National Health
0%
TV Show1954The New Adventures of China Smith
0%
Film1969The Night of the Following Day
0%
Theater1984-1986The Odd Couple: Female Version
0%
Theater1967The Owl and the Pussycat
0%
Film2022The Prank
0%
Documentary1999The Puerto Ricans: Our American Story
0%
TV Show1958The Red Skelton Hour
0%
Film1952The Ring
0%
TV Special1978The Rita Moreno Show
0%
TV Show1978, 1979The Rockford Files
0%
TV Film1999The Rockford Files: If It Bleeds... It Leads
0%
Theater1969The Rose Tattoo
0%
TV Show1982The Shape of Things
0%
Theater1964-1965The Sign in Sidney Brustein's Window
0%
Theater1996The Size of the World
0%
TV Film1998The Spree
0%
Film1950The Toast of New Orleans
0%
TV Show1965The Trials of O'Brien
0%
Film1956The Vagabond King
0%
Theater1999The Vagina Monologues
0%
TV Film1995The Wharf Rat
0%
Film1954The Yellow Tomahawk
0%
Film1960This Rebel Breed
0%
TV Show1991Top of the Heap
0%
Film2021Torch
0%
TV Show1977To Say the Least
0%
TV Show1962, 2019, 2020To Tell the Truth
0%
TV Show1997Touched by an Angel
0%
TV Show1959Trackdown
0%
TV Show1981Trapper John, M.D.
0%
Film1955Untamed
0%
Film1977Voodoo Passion
0%
Theater1981Wally's Cafe
0%
TV Show2005Wanted
0%
TV Show2013Welcome to the Family
0%
TV Show1977Westside Medical
0%
TV Show1995Wheel of Fortune
0%
TV Documentary2000When It Was a Game 3
0%
Documentary2009When Medicine Got It Wrong
0%
TV Show1994-1999Where on Earth Is Carmen Sandiego?
0%
TV Show1954Where's Raymond?
0%
TV Show1980Whew!
0%
TV Documentary1997Women: First and Foremost
0%
TV Show1995Women of the House
0%
TV Show1969You're Putting Me On
0%
TV Show1960Zorro
0%

Score Distribution

Percentile by Number Answered

Percent of People with Each Score

Your Score History

You have not taken this quiz since the last reset